| 000 | 00654nam a22001337a 4500 | ||
|---|---|---|---|
| 008 | 180718b xxu||||| |||| 00| 0 eng d | ||
| 082 |
_a759.6 _bP471j |
||
| 100 |
_aPerucho, Juan _96539 |
||
| 245 | _aJoan Miró y Cataluña | ||
| 260 |
_aBarcelona, España _bEdiciones Poligrafa S.A. _cs.f. |
||
| 300 |
_a273 p. _bill (col) _c26 x 27 cm |
||
| 505 |
_tEn el origen de lo creado _tRaíz y esencia del arte de Joan Miró _tObra pictórica _tMurales _tEscultor y ceramista _tInternacionalidad de Joan Miró _tCronología biográfica de Joan Miró _tÍndice de obras _tBibliografía sumaria |
||
| 650 |
_2Arte moderno _xArte - pintura _xPintores españoles _zArte - España _96540 |
||
| 999 |
_c1557 _d1557 |
||